00582 2200217 4500001002100000005001700021008004100038035002600079245001900105100001900124250000600143260006100149300002300210020002200233082000800255084001000263520003700273650001700310990001800327990001900345INLIS00000000000399620191230032049.0191230| ||| | ind  a 0010-12190000000399600cErnawati Lilys0 aErnawati Lilys a1 aVisi Mandiri : SurakartabVisi Mandiri : Surakartac2016 a107 hlm ;c107 hlm a978-602-317-226-90 a700 a741,5 aHibah Perpusnas 2018 14 Nov 2018 0aBurung 741.5 aB201901099615 aB2019011510199